| 000 | 00447nam a2200181Ia 4500 | ||
|---|---|---|---|
| 003 | STCL | ||
| 008 | 221019s9999 xx 000 0 und d | ||
| 020 | _a9789386349064 | ||
| 040 |
_aSTCL _cSTCL _bEN |
||
| 082 | _222 | ||
| 100 | _aKhera, Shiva | ||
| 245 | 0 | _aYou can achieve more: live by design, not by default | |
| 260 |
_bBloomsbury _aNew Delhi _c2018 |
||
| 300 | _axvi, 280 p | ||
| 365 | _b399 | ||
| 546 | _aEnglish | ||
| 942 |
_cBK _2DDC _e22 |
||
| 999 |
_c87421 _d87421 |
||